书目信息 |
| 题名: |
全彩西方工艺美术史
|
|
| 作者: | 张夫也 著 | |
| 分册: | ||
| 出版信息: | 银川 宁夏人民出版社 2003 |
|
| 页数: | 338页 | |
| 开本: | 23cm | |
| 丛书名: | 全彩艺术史系列 | |
| 单 册: | ||
| 中图分类: | J509.5 , J509.1 | |
| 科图分类: | ||
| 主题词: | 工艺美术史--西方国家 , 工艺美术史 | |
| 电子资源: | ||
| ISBN: | 7-227-02525-X | |
| 000 | 00820oam2 2200253 450 | |
| 005 | 20070606200212.29 | |
| 010 | @a7-227-02525-X@dCNY68.00 | |
| 100 | @a20030221d2003 em y0chiy0110 ea | |
| 101 | 0 | @achi |
| 102 | @aCN@b640000 | |
| 105 | @aa z 000yy | |
| 200 | 1 | @a全彩西方工艺美术史@Aquan cai xi fang gong yi mei shu shi@f张夫也著 |
| 210 | @a银川@c宁夏人民出版社@d2003 | |
| 215 | @a338页@c采图@d23cm | |
| 225 | 2 | @a全彩艺术史系列 |
| 330 | @a本书介绍了西方工艺美术的发展变迁,并对那些经典的、具有一定代表性的工艺美术品进行了深入浅出的展示与赏析。 | |
| 461 | 0 | @12001 @a全彩艺术史系列 |
| 606 | 0 | @a工艺美术史@y西方国家 |
| 606 | 0 | @a工艺美术史 |
| 690 | @aJ509.5@v4 | |
| 690 | @aJ509.1@v3 | |
| 701 | 0 | @a张夫也@Azhang fu ye@4著 |
| 801 | 0 | @aCN@bTAOJIN新华发行集团公司@c20070606 |
| 905 | @a10447@dJ509.1@e225 | |
| 全彩西方工艺美术史/张夫也著.-银川:宁夏人民出版社,2003 |
| 338页:采图;23cm.-(全彩艺术史系列) |
| ISBN 7-227-02525-X:CNY68.00 |
| 本书介绍了西方工艺美术的发展变迁,并对那些经典的、具有一定代表性的工艺美术品进行了深入浅出的展示与赏析。 |
| ● |
| 相关链接 |
|
|
|
|
正题名:全彩西方工艺美术史
索取号:J509.1/225
 
预约/预借
| 序号 | 登录号 | 条形码 | 馆藏地/架位号 | 状态 | 备注 |
| 1 | 0527039 | 205270393 | 第一样本阅览室/ [索取号:J509.1/225] | 在馆 | |
| 2 | 0527040 | 205270400 | 第一借阅区/ [索取号:J509.1/225] | 在馆 | |
| 3 | 0527041 | 205270419 | 第一借阅区/ [索取号:J509.1/225] | 在馆 | |
| 4 | 0527042 | 205270428 | 第一借阅区/ [索取号:J509.1/225] | 在馆 |